1628 1282 1082 1331 1138 1473 1421 1290 1628 1182 1071 1651 1141 1265 1309 1066 1040 1597 1573 1571 1002 1836 1534 1661 1379 1663 1922 1718 1836 1437 1374 1082 1853 1537 1608 1136 1151 1034 1098 1848 1538 1929 1825 1522 1629 1806 1464 1417 1568 1742 1062 1787 1851 1900 1515 1427 1257 1512 1001 1743 1995 1634 1436 1774 1004 1179 1394 1280 1787 1194 1927 1354 1978 1266 1901 1610 1557 1353 1294 1997 1643 1364 1143 1281 1824 1231 1096 1935 1453 1052 1209 1248 1907 1760 1728 1498 1934 1407 1506 BCNSPRNW ULIB Ver.6.0+V

เปลี่ยนเป็นภาษาไทย

Change to English
 แสดงรายละเอียดบรรณานุกรม
  กลับหน้าหลัก

Brief Record : Get Marc (ISO 2709) : E-mail record : QR code < ปิดหน้าต่าง
LEADER : 00000nam 2200000uu 4500
001    13399113413
003     ULIB
008    020711s2553 th a 000 0 tha d
020    ^a9749747519341
099    ^aนว.ก759พ 2550
100    ^aเกตุวดี
245    ^aเพียงถ้าวันนั้น..ฉันจะไม่รักเธอ/^cเกตุวดี
250    ^aพิมพ์ครั้งที่ 1
260    ^aกรุงเทพฯ :^bร้านนครสาส์น,^c2550
300    ^a700 หน้า
710 1  ร้านนครสาส์น
945    ^p330^l0^i022006
995    ทศพร
999 ^a ^aวรรณษา ชูชัยมงคล
รายการนี้ยังไม่มีแท็ก
คุณยังไม่ได้ล็อกอิน คุณสามารถมีกิจกรรมร่วมกับเว็บไซต์ได้ แต่ต้องล็อกอินก่อน ::
  ล็อกอิน

รายการสื่อสารสนเทศ

ลำดับที่ ประเภท เลขเรียก/บาร์โค้ด สถานที่ สถานะ
1. นวนิยาย
นวนิยาย
นว.ก759พ 2550 ฉ.1 
  Barcode: 022006
ห้องสมุดวิทยาเขตสวรรค์ประชารักษ์
►นวนิยาย
บนชั้น
  ขอยืม

BibComment


ยังไม่เคยถูกคอมเมนท์

คอมเมนท์ทรัพยากรรายการนี้
  คอมเมนท์: เพียงถ้าวันนั้นฉ..


 Copyright 2026. Bcnsprnw @Library